Normal view
MARC view
- WALSH,NANCY AND LIDIE STEVE
Entry Personal Name
001 - CONTROL NUMBER
- control field: 132674
003 - CONTROL NUMBER IDENTIFIER
- control field: NUST
005 - DATE AND TIME OF LATEST TRANSACTION
- control field: 20260101115155.0
008 - FIXED-LENGTH DATA ELEMENTS
- fixed length control field: 260101|| aca||aabn | a|a d
040 ## - CATALOGING SOURCE
- Original cataloging agency: NUST
- Transcribing agency: NUST
100 ## - HEADING--PERSONAL NAME
- Personal name: WALSH,NANCY AND LIDIE STEVE
670 ## - SOURCE DATA FOUND
- Source citation: Work cat.: (NUST): WALSH,NANCY AND LIDIE STEVE., MASTERING PERL/TK /, 2002.
